¿Quiénes construyen el Estado-Nación en las regiones? : el caso de San Luis Potosí /

Breve trabajo sobre las actitudes y actuaciones de los Verástegui, familia de la élite potosina de la ciudad de Rioverde, ante tres acontecimientos centrales de las historias regional y nacional del siglo XIX: la intervención norteamericana de 1846-1848, la rebelión de la Sierra Gorda de 1847-1850 y...

Celý popis

Uloženo v:
Podrobná bibliografie
Hlavní autor: Calvillo Unna, Tomás (autor)
Další autoři: Monroy Castillo, María Isabel (autor) (autor)
Médium: Kniha
Jazyk:španělština
Vydáno: San Luis Potosí, México : El Colegio de San Luis, 1999, c1999
Edice:(Cuadernos del Centro)
Témata:
Tagy: Přidat tag
Žádné tagy, Buďte první, kdo vytvoří štítek k tomuto záznamu!

MARC

LEADER 00000nam^a2200000^a^4500
001 000117750
005 20250521000000.0
009 20260310094215.586
020 |a 968-7727-26-8 
037 |a Acervo ITESO - Biblioteca 
041 |a ESP 
082 |a 972. 44704  |b CAL 
100 |a Calvillo Unna, Tomás  |e (autor) 
245 1 0 |a ¿Quiénes construyen el Estado-Nación en las regiones? :  |b el caso de San Luis Potosí /  |c T. Calvillo Unna, M.I. Monroy Castillo. 
264 4 |a San Luis Potosí, México :  |b El Colegio de San Luis,  |c 1999, c1999 
300 |a 31 p. 
336 |a texto  |b txt  |2 rdacontenido 
337 |a sin mediación  |b n  |2 rdamedio 
338 |a volumen  |b nc  |2 rdasoporte 
440 1 |a (Cuadernos del Centro) 
520 |a Breve trabajo sobre las actitudes y actuaciones de los Verástegui, familia de la élite potosina de la ciudad de Rioverde, ante tres acontecimientos centrales de las historias regional y nacional del siglo XIX: la intervención norteamericana de 1846-1848, la rebelión de la Sierra Gorda de 1847-1850 y la inminente intervención francesa de 1863. 
649 |a XX 
650 |a Familia -  |z Rioverde, San Luis Potosí 
650 |a Familia -  |z México 
650 |a Política -  |z Rioverde, San Luis Potosí -  |x Historia 
650 |a Política -  |z México -  |x Historia 
650 |a Rioverde, San Luis Potosí -  |x Historia -  |y Federalismo, 1846-1853 
650 |a Rioverde, San Luis Potosí -  |x Historia -  |y Federalismo y Centralismo, 1824-1853 
650 |a Rioverde, San Luis Potosí -  |x Historia -  |y Constitución y Reforma, 1855-1863 
650 |a Rioverde, San Luis Potosí -  |x Historia -  |y Intervención y Segundo Imperio, 1861-1867 
650 |a Rioverde, San Luis Potosí -  |x Historia -  |y Siglo XIX 
650 |a México -  |x Historia -  |y Federalismo, 1846-1853 
650 |a México -  |x Historia -  |y Federalismo y Centralismo, 1824-1853 
650 |a México -  |x Historia -  |y Constitución y Reforma, 1855-1863 
650 |a México -  |x Historia -  |y Intervención y Segundo Imperio, 1861-1867 
650 |a México -  |x Historia -  |y Siglo XIX 
700 |a Monroy Castillo, María Isabel  |e (autor) 
910 |a Fondo General 
920 |a Impresos - Libros 
930 |a Colección General 
905 |a 101 
901 |a 0500052632  |b IT1  |c ACC  |u 20250521 
902 |a https://opac.biblio.iteso.mx/vufind/Record/000117750